[Event "World Rapid 2017"]
[Site "Riyadh KSA"]
[Date "2017.12.26"]
[Round "2.33"]
[White "Onischuk, Vladimir"]
[Black "Kravtsiv, Martyn"]
[Result "0-1"]
[WhiteTitle "GM"]
[BlackTitle "GM"]
[WhiteElo "2637"]
[BlackElo "2672"]
[WhiteFideId "14114038"]
[BlackFideId "14113147"]
[EventDate "2017.12.26"]

1. e4 e5 2. Nf3 Nc6 3. Bc4 Nf6 4. d3 Bc5 5. O-O O-O 6. Nbd2 d6 7. c3 a5 8. Bb3
h6 9. h3 Re8 10. Re1 Be6 11. Ba4 Bd7 12. Nf1 Qb8 13. Ng3 b5 14. Bc2 Qb6 15. Rf1
d5 16. a4 dxe4 17. dxe4 b4 18. Nh4 Rad8 19. Qf3 Ne7 20. cxb4 Bxb4 21. Bb3 Bc5
22. Nh5 Kh7 23. Nxf6+ Qxf6 24. Qxf6 gxf6 25. Bxf7 Rf8 26. Bb3 Rb8 27. Bc2 Nc6
28. Nf3 Be6 29. Rd1 Nd4 30. Nxd4 Bxd4 31. Ra3 Rb6 32. Rf3 Kg7 33. b3 Rfb8 34.
Rg3+ Kh7 35. Be3 c5 36. Bxd4 cxd4 37. Rdd3 Rc8 38. Bd1 Rc1 39. Kh2 Rb1 40. f4
Bf7 41. fxe5 fxe5 42. Bc2 Rb2 43. Rdf3 Bh5 44. Rf5 Bg6 45. Bd3 Bxf5 46. exf5
R2xb3 47. f6+ Rxd3 48. f7 Rf6 49. Rxd3 Rxf7 50. g4 Kg6 51. Kg3 Rc7 52. Rd1 Rc3+
53. Kh4 Re3 54. Rb1 d3 55. Rb6+ Kg7 56. Rd6 e4 57. g5 hxg5+ 58. Kxg5 Re2 59. h4
d2 60. h5 e3 61. h6+ Kf7 62. h7 Rh2 63. Kf4 e2 64. Rxd2 Rh4+ 0-1

[Event "World Rapid 2017"]
[Site "Riyadh KSA"]
[Date "2017.12.26"]
[Round "2.34"]
[White "Howell, David W L"]
[Black "Kryvoruchko, Yuriy"]
[Result "0-1"]
[WhiteTitle "GM"]
[BlackTitle "GM"]
[WhiteElo "2676"]
[BlackElo "2689"]
[WhiteFideId "410608"]
[BlackFideId "14109182"]
[EventDate "2017.12.26"]

1. c4 Nf6 2. Nc3 e5 3. Nf3 Nc6 4. e3 Bb4 5. Qc2 O-O 6. Nd5 Re8 7. Qf5 Be7 8.
Nxe5 Nb4 9. Nxb4 Bxb4 10. Nf3 d5 11. Qd3 Bg4 12. Be2 Qd7 13. O-O Rad8 14. Qb3
Bd6 15. d3 Qf5 16. cxd5 Qh5 17. h3 Bxh3 18. gxh3 Qxh3 19. e4 Ng4 20. Bg5 Bh2+
21. Kh1 Bf4+ 22. Kg1 Bxg5 23. Rfc1 Bf4 24. Rf1 Rd6 0-1

[Event "World Rapid 2017"]
[Site "Riyadh KSA"]
[Date "2017.12.26"]
[Round "2.36"]
[White "Ponomariov, Ruslan"]
[Black "Malakhatko, Vadim"]
[Result "1-0"]
[WhiteTitle "GM"]
[BlackTitle "GM"]
[WhiteElo "2694"]
[BlackElo "2542"]
[WhiteFideId "14103320"]
[BlackFideId "14104202"]
[EventDate "2017.12.26"]

1. e4 c5 2. Nf3 e6 3. d4 cxd4 4. Nxd4 Nc6 5. Nc3 Qc7 6. Be3 a6 7. Qf3 Ne5 8. Qg3
h5 9. O-O-O h4 10. Qh3 b5 11. Kb1 Bb7 12. f4 Nc4 13. Bc1 Rc8 14. Bd3 Bb4 15.
Nde2 Ne7 16. Rhf1 Ba5 17. b3 Nd6 18. e5 Ndf5 19. Bb2 Bb6 20. Bc1 Nd4 21. Nxd4
Bxd4 22. Ne4 Bxe4 23. Bxe4 Bc5 24. g4 a5 25. Qd3 Rb8 26. Bb2 Nc6 27. Rd2 Nb4 28.
Qc3 Bb6 29. Qxc7 Bxc7 30. Rfd1 Rd8 31. a3 Na6 32. Bd3 Bb6 33. Bxb5 Nc7 34. Bxd7+
Ke7 35. f5 Be3 36. Rd3 Bg5 37. a4 Nd5 38. Bc6 Nb4 39. f6+ 1-0

[Event "World Rapid 2017"]
[Site "Riyadh KSA"]
[Date "2017.12.26"]
[Round "2.37"]
[White "Fressinet, Laurent"]
[Black "Short, Nigel D"]
[Result "1-0"]
[WhiteTitle "GM"]
[BlackTitle "GM"]
[WhiteElo "2662"]
[BlackElo "2678"]
[WhiteFideId "608742"]
[BlackFideId "400025"]
[EventDate "2017.12.26"]

1. e4 e6 2. d4 d5 3. exd5 exd5 4. Nf3 Nc6 5. Bd3 Bg4 6. O-O Bd6 7. c3 Nge7 8.
Nbd2 Qd7 9. Re1 O-O 10. Nf1 h6 11. Ng3 Bxg3 12. hxg3 Rfe8 13. Qb3 a6 14. Bf4 f6
15. Nh2 Bf5 16. Bxf5 Nxf5 17. Qxb7 Reb8 18. Qxc7 Qxc7 19. Bxc7 Rb7 20. g4 Nfxd4
21. cxd4 Rxc7 22. Rac1 Rac8 23. Red1 Na5 24. Rc5 Nb7 25. Rxd5 Kf7 26. Nf1 g6 27.
Ne3 Ke6 28. f4 Rc1 29. f5+ gxf5 30. Rxf5 Rxd1+ 31. Nxd1 Rc4 32. d5+ Kf7 33. Ne3
Ra4 34. a3 Rd4 35. Rh5 Nd6 36. Rxh6 Rd3 37. Nf5 Nxf5 38. gxf5 Rxd5 39. Rh7+ Ke8
40. Ra7 a5 41. g4 Rb5 42. Kf1 Kf8 43. Ke1 Rxb2 44. Rxa5 Kg7 45. Rd5 Ra2 46. Ra5
Kh6 47. Ra4 Kg5 48. Kd1 Kh4 49. Kc1 Kg3 50. Kb1 Rg2 51. Rc4 Kf3 52. a4 Ke3 53.
a5 Kd3 54. Rc6 Rxg4 55. a6 Rg7 56. Kb2 Ke4 57. Rxf6 Ke5 58. Rc6 Kd5 59. Rb6 Rf7
60. Kb3 Kc5 61. Rb8 Ra7 62. f6 Kd6 63. Kb4 Ke6 64. Rb6+ Kd5 1-0

[Event "World Rapid 2017"]
[Site "Riyadh KSA"]
[Date "2017.12.26"]
[Round "2.38"]
[White "Bacrot, Etienne"]
[Black "Al-Saffar, Araz Basim Mohammed S"]
[Result "1-0"]
[WhiteTitle "GM"]
[BlackTitle "IM"]
[WhiteElo "2725"]
[BlackElo "2368"]
[WhiteFideId "605506"]
[BlackFideId "4801040"]
[EventDate "2017.12.26"]

1. e4 d6 2. d4 Nf6 3. Nc3 g6 4. g3 Bg7 5. Bg2 O-O 6. Nge2 e5 7. O-O c6 8. a4 a5
9. h3 Na6 10. g4 Nb4 11. Be3 Be6 12. Ng3 d5 13. dxe5 Nxe4 14. Ncxe4 dxe4 15. c3
Nd5 16. Bc5 Re8 17. Nxe4 Bxe5 18. Bd4 Qc7 19. Re1 Nf4 20. Bxe5 Qxe5 21. Nd6 Qc5
22. Nxe8 Rxe8 23. Qd2 Nxg2 24. Kxg2 h5 25. f3 hxg4 26. hxg4 Kg7 27. Rh1 Bd5 28.
Qh6+ Kf6 29. Qf4+ Kg7 30. Rae1 Rxe1 31. Rxe1 Be6 32. Qe5+ Qxe5 33. Rxe5 b6 34.
Kf2 Bb3 35. Re8 Bxa4 36. Rb8 b5 37. Ra8 Kf6 38. Ra6 Bb3 39. Rxa5 Ke5 40. Ke3 g5
41. Ra8 Bd5 42. Rd8 f6 43. b4 Bc4 44. Re8+ Be6 45. f4+ Kd5 46. f5 Bd7 47. Re7 1-0

[Event "World Rapid 2017"]
[Site "Riyadh KSA"]
[Date "2017.12.26"]
[Round "2.39"]
[White "Halkias, Stelios"]
[Black "Meier, Georg"]
[Result "0-1"]
[WhiteTitle "GM"]
[BlackTitle "GM"]
[WhiteElo "2571"]
[BlackElo "2650"]
[WhiteFideId "4201809"]
[BlackFideId "4675789"]
[EventDate "2017.12.26"]

1. Nf3 d5 2. d4 Nf6 3. c4 e6 4. e3 Be7 5. Bd3 dxc4 6. Bxc4 c5 7. O-O cxd4 8.
exd4 O-O 9. Nc3 Nc6 10. Re1 b6 11. a3 Bb7 12. Ba2 Qd7 13. Be3 Rad8 14. Qe2 Qc8
15. Rad1 Qa8 16. d5 exd5 17. Nxd5 Nxd5 18. Bxd5 Bf6 19. h4 h6 20. Be4 Rfe8 21.
Rxd8 Nxd8 22. Bxb7 Nxb7 23. Rd1 Nc5 24. Qb5 Qc8 25. Bxc5 bxc5 26. Rc1 a6 27.
Qxc5 Qxc5 28. Rxc5 Bxb2 29. Rc6 Re6 30. Rxe6 fxe6 31. a4 Kf7 32. Kf1 Ke7 33. Nd2
Kd7 34. Ke2 Kc6 35. Nb3 Kd5 36. Kd3 h5 37. f3 Be5 38. Nd2 Bg3 39. Ne4 0-1

[Event "World Rapid 2017"]
[Site "Riyadh KSA"]
[Date "2017.12.26"]
[Round "2.40"]
[White "Bosiocic, Marin"]
[Black "Melkumyan, Hrant"]
[Result "1-0"]
[WhiteTitle "GM"]
[BlackTitle "GM"]
[WhiteElo "2624"]
[BlackElo "2633"]
[WhiteFideId "14507927"]
[BlackFideId "13302485"]
[EventDate "2017.12.26"]

1. d4 d5 2. c4 e6 3. Nf3 Nf6 4. g3 dxc4 5. Bg2 Bb4+ 6. Bd2 a5 7. a3 Bxd2+ 8.
Nbxd2 b5 9. b3 cxb3 10. Qxb3 c6 11. O-O O-O 12. Qb2 Nbd7 13. Ne1 Qb6 14. Nd3 Ba6
15. Rfc1 Rfc8 16. Nb3 b4 17. axb4 axb4 18. Nbc5 Nxc5 19. Nxc5 Nd5 20. e4 Nf6 21.
Ra4 b3 22. Rca1 Bb7 23. Qxb3 Qxb3 24. Nxb3 Rxa4 25. Rxa4 c5 26. Nxc5 Bc6 27. Rb4
h6 28. Bf3 g5 29. h3 Rd8 30. Kg2 Nd7 31. e5 Nxc5 32. dxc5 Rc8 33. Bxc6 Rxc6 34.
Rc4 Kf8 35. Kf3 Ke7 36. Kg4 Kf8 37. h4 gxh4 38. Kxh4 Kg7 39. Kh5 Kh7 40. f3 Kg7
41. f4 Kh7 42. g4 Kg7 43. Rc3 Kh7 44. f5 exf5 45. gxf5 Kg8 46. f6 Kh7 47. Rc2
Re6 48. c6 Rxe5+ 49. Kg4 Re8 50. c7 Rc8 51. Kf5 h5 52. Kg5 h4 53. Rc3 Kg8 54.
Kxh4 Kf8 55. Kh5 Ke8 56. Kh6 Kd7 57. Kg7 Ke6 58. Rc1 Kd5 1-0

[Event "World Rapid 2017"]
[Site "Riyadh KSA"]
[Date "2017.12.26"]
[Round "2.41"]
[White "Nguyen, Ngoc Truong Son"]
[Black "Mchedlishvili, Mikheil"]
[Result "0-1"]
[WhiteTitle "GM"]
[BlackTitle "GM"]
[WhiteElo "2630"]
[BlackElo "2603"]
[WhiteFideId "12401110"]
[BlackFideId "13600966"]
[EventDate "2017.12.26"]

1. d4 Nf6 2. Nf3 d5 3. Bf4 c5 4. e3 Nc6 5. Nbd2 Bf5 6. dxc5 e6 7. Nd4 Bxc5 8.
Nxf5 exf5 9. Nb3 Bb6 10. Be2 Ne4 11. Bf3 O-O 12. O-O Re8 13. h3 d4 14. exd4 Nxd4
15. c3 Nxb3 16. axb3 Qh4 17. Bxe4 Rxe4 18. Be3 Bxe3 19. fxe3 g6 20. Qd2 Qe7 21.
Rad1 Rxe3 22. Qd7 Re8 23. Qxe7 R8xe7 24. Rd2 Kg7 25. b4 a6 26. Kf2 f4 27. Ra1 g5
28. Ra5 Kg6 29. Rad5 f6 30. b5 axb5 31. Rxb5 h5 32. Rb4 Kf5 33. Rd5+ R3e5 34.
Rbd4 g4 35. hxg4+ hxg4 36. c4 Rxd5 37. Rxd5+ Re5 38. Rd7 g3+ 39. Kf1 b5 40. Rc7
bxc4 41. Rxc4 Kg4 42. Rc8 Rb5 43. Rc2 f5 44. Rc8 f3 45. Rg8+ Kf4 46. Rc8 fxg2+ 0-1

[Event "World Rapid 2017"]
[Site "Riyadh KSA"]
[Date "2017.12.26"]
[Round "2.43"]
[White "Khader, Sami"]
[Black "Karjakin, Sergey"]
[Result "1-0"]
[WhiteTitle "IM"]
[BlackTitle "GM"]
[WhiteElo "2392"]
[BlackElo "2760"]
[WhiteFideId "8100500"]
[BlackFideId "14109603"]
[EventDate "2017.12.26"]

1. e4 c5 2. Nf3 d6 3. d4 cxd4 4. Nxd4 Nf6 5. Nc3 a6 6. Bg5 Nbd7 7. Qe2 h6 8. Bh4
g6 9. f4 e5 10. fxe5 dxe5 11. Nf3 Qc7 12. O-O-O b5 13. Nd5 Nxd5 14. exd5 Bd6 15.
Qe3 Bb7 16. Bd3 f5 17. Nd4 Qb6 18. Bxf5 gxf5 19. Qg3 Nf8 20. Nxf5 Rh7 21. Rhe1
Kd7 22. Bf6 e4 23. Nxd6 Qxd6 24. Qg4+ Kc7 25. Bh4 Qg6 26. Qf4+ Kd7 27. Rxe4 Rc8
28. c3 h5 29. Re6 Nxe6 30. dxe6+ Ke8 31. Qd6 Qh6+ 32. Kb1 Be4+ 33. Ka1 Bd3 34.
Qxd3 Kf8 35. e7+ Kg7 36. Qd4+ Kf7 37. Rf1+ Ke6 38. Rf6+ 1-0

[Event "World Rapid 2017"]
[Site "Riyadh KSA"]
[Date "2017.12.26"]
[Round "2.44"]
[White "Omar, Noaman"]
[Black "Le, Quang Liem"]
[Result "1/2-1/2"]
[WhiteTitle "IM"]
[BlackTitle "GM"]
[WhiteElo "2364"]
[BlackElo "2737"]
[WhiteFideId "9300244"]
[BlackFideId "12401137"]
[EventDate "2017.12.26"]

1. d4 Nf6 2. c4 e6 3. Nf3 b6 4. a3 Bb7 5. Nc3 d5 6. Bg5 Be7 7. e3 O-O 8. Rc1 h6
9. Bxf6 Bxf6 10. cxd5 exd5 11. Bd3 c5 12. O-O Na6 13. Bb1 Rc8 14. Qd3 g6 15.
Rfd1 c4 16. Qc2 Qe7 17. Re1 Rfd8 18. Rcd1 Nc7 19. e4 dxe4 20. Nxe4 Ne6 21. Qc1
Nxd4 22. Nxf6+ Qxf6 23. Nxd4 Rxd4 24. Rxd4 Qxd4 25. Qxh6 Qg4 26. Qh3 Qxh3 27.
gxh3 Kf8 28. Bc2 Rd8 29. Rd1 Rxd1+ 30. Bxd1 g5 31. f3 Ke7 32. Kf2 Kd6 33. Kg3
Ke5 34. h4 gxh4+ 35. Kxh4 Kf4 36. Kh5 b5 37. h4 a5 38. Kh6 Bxf3 39. Bc2 b4 40.
axb4 axb4 41. h5 b3 42. Bh7 Ke3 43. Kg5 f6+ 44. Kh4 Bxh5 45. Kxh5 Kd2 46. Kg4
Kc1 47. Bg8 Kxb2 48. Bxc4 Kc3 49. Bxb3 Kxb3 50. Kf5 Kc4 51. Kxf6 1/2-1/2

[Event "World Rapid 2017"]
[Site "Riyadh KSA"]
[Date "2017.12.26"]
[Round "2.45"]
[White "Van Foreest, Jorden"]
[Black "Anton Guijarro, David"]
[Result "1/2-1/2"]
[WhiteTitle "GM"]
[BlackTitle "GM"]
[WhiteElo "2629"]
[BlackElo "2666"]
[WhiteFideId "1039784"]
[BlackFideId "2285525"]
[EventDate "2017.12.26"]

1. e4 e5 2. Nf3 Nc6 3. Nc3 Nf6 4. Be2 d5 5. exd5 Nxd5 6. O-O Nxc3 7. bxc3 Bd6 8.
d4 exd4 9. cxd4 O-O 10. Re1 h6 11. Rb1 b6 12. c3 Bf5 13. Bd3 Qf6 14. Qc2 Bxd3
15. Qxd3 Rfe8 16. Bd2 Qg6 17. Qxg6 fxg6 18. c4 a5 19. Rec1 g5 20. h3 Re4 21. Be3
Kf8 22. Kf1 Rd8 23. Rb5 Rde8 24. Nd2 R4e7 25. Nf3 Re4 26. Nd2 R4e7 27. Nf3 Re4
28. Nd2 R4e7 29. Nf3 1/2-1/2

[Event "World Rapid 2017"]
[Site "Riyadh KSA"]
[Date "2017.12.26"]
[Round "2.46"]
[White "Riazantsev, Alexander"]
[Black "Saeed, Ishaq"]
[Result "1-0"]
[WhiteTitle "GM"]
[BlackTitle "FM"]
[WhiteElo "2650"]
[BlackElo "2434"]
[WhiteFideId "4125029"]
[BlackFideId "9301453"]
[EventDate "2017.12.26"]

1. d4 Nf6 2. c4 e6 3. Nf3 b6 4. a3 Bb7 5. Nc3 d5 6. Bg5 Be7 7. e3 O-O 8. Qc2 h6
9. Bxf6 Bxf6 10. cxd5 exd5 11. h4 Re8 12. O-O-O Nd7 13. g4 c5 14. Kb1 cxd4 15.
exd4 Nf8 16. Bb5 Re6 17. Rdg1 Rc8 18. g5 Be7 19. Ne5 Rxe5 20. gxh6 g6 21. dxe5
d4 22. Rh3 dxc3 23. Rxc3 Rxc3 24. Qxc3 Bxh4 25. Bc4 Bd5 26. f4 Kh7 27. Ka1 Bxc4
28. Qxc4 Ne6 29. f5 gxf5 30. Qc2 Nd4 31. Qg2 Ne6 32. Qh3 Qd4 33. Qxf5+ Kh8 34.
Rf1 Kg8 35. Qxf7+ Kh8 36. Qxe6 1-0

[Event "World Rapid 2017"]
[Site "Riyadh KSA"]
[Date "2017.12.26"]
[Round "2.47"]
[White "Malakhov, Vladimir"]
[Black "Lodhi, Mahmood"]
[Result "1/2-1/2"]
[WhiteTitle "GM"]
[BlackTitle "IM"]
[WhiteElo "2686"]
[BlackElo "2347"]
[WhiteFideId "4120787"]
[BlackFideId "7800010"]
[EventDate "2017.12.26"]

1. Nf3 Nf6 2. g3 g6 3. b3 Bg7 4. Bb2 O-O 5. Bg2 d6 6. d4 Nc6 7. O-O e5 8. dxe5
Ng4 9. c4 Ngxe5 10. Nc3 Nxf3+ 11. Bxf3 Bh3 12. Re1 a5 13. Qd2 Qd7 14. Nd5 Ne5
15. Bg2 a4 16. f4 Bxg2 17. Kxg2 Nc6 18. Bf6 axb3 19. Qc3 Bh6 20. axb3 Rxa1 21.
Qxa1 Qe6 22. e4 Rc8 23. b4 Bf8 24. f5 gxf5 25. Qc1 f4 26. Qxf4 Ne5 27. Bxe5 dxe5
28. Nf6+ Kh8 29. Qh4 h6 30. Rf1 Ra8 31. Rf2 Qxc4 32. Qg4 Bg7 33. Nd5 Ra2 34.
Qc8+ Kh7 35. Qf5+ Kh8 36. Rxa2 Qxa2+ 37. Kh3 c6 38. Nc7 Qc4 39. Ne8 Qe6 40. Qxe6
fxe6 41. Nd6 Bf8 42. Nxb7 Bxb4 43. Kg4 Kg7 44. Nd8 c5 45. Nxe6+ Kf6 46. Nc7 Bd2
47. Nd5+ Ke6 48. Nb6 Kf6 49. Nc4 Bc1 50. Kh5 Bg5 51. h4 Bc1 52. Nb6 Kg7 53. Kg4
Kg6 54. h5+ Kf6 55. Nd7+ Ke6 56. Nxc5+ Kf6 57. Nd7+ Ke6 58. Nb6 Be3 59. Nd5 Bc1
60. Kf3 Kd6 61. Ke2 Bg5 62. Kd3 Kc5 63. Ne3 Kd6 64. Ng4 Bc1 65. Ne3 Ke6 66. Nd5
Kd6 67. Kc4 Bg5 68. Kb5 Bc1 69. Kb6 Bg5 70. Kb7 Kd7 71. Nb4 Kd6 72. Nd3 Be3 73.
Kc8 Bg5 74. Nf2 Bf6 75. Nh3 Be7 76. Ng1 Bg5 77. Nf3 Be7 78. g4 Bf6 79. g5 hxg5
80. Nh2 Ke6 81. Ng4 Be7 82. h6 Bf6 83. Kc7 Ke7 84. Kc6 Ke6 85. Ne3 Bh8 86. Kc7
Bf6 87. h7 Bh8 88. Kd8 Kf7 89. Kd7 Kg6 90. Ke6 Kxh7 91. Kf7 Kh6 92. Kg8 Bf6 93.
Kf7 Bh8 94. Kg8 Bf6 95. Kf7 1/2-1/2

[Event "World Rapid 2017"]
[Site "Riyadh KSA"]
[Date "2017.12.26"]
[Round "2.48"]
[White "Lam, Daniel King-wai"]
[Black "Rakhmanov, Aleksandr"]
[Result "0-1"]
[WhiteTitle "FM"]
[BlackTitle "GM"]
[WhiteElo "2222"]
[BlackElo "2653"]
[WhiteFideId "6001238"]
[BlackFideId "4173708"]
[EventDate "2017.12.26"]

1. d4 Nf6 2. c4 d6 3. Nc3 e5 4. Nf3 e4 5. Nd2 Bf5 6. e3 c6 7. Be2 d5 8. b3 Bd6
9. cxd5 cxd5 10. Nb5 Be7 11. Ba3 Nc6 12. Bxe7 Qxe7 13. a3 h5 14. h3 Rc8 15. a4
a6 16. Na3 Nb4 17. O-O Rh6 18. Rc1 Rxc1 19. Qxc1 Rg6 20. Kh2 Qd6+ 21. Kh1 Rh6
22. Qc5 Qxc5 23. dxc5 Nd7 24. Rc1 h4 25. Nc2 Na2 26. Ra1 Nc3 27. Bf1 Rf6 28. b4
Bxh3 29. Ra3 Nd1 30. f3 Bf5 31. Nd4 Bh7 32. Kg1 Nb2 33. c6 bxc6 34. Bxa6 c5 35.
Nb5 cxb4 36. Rb3 Nxa4 37. Rxb4 Nac5 38. Bc8 Nb6 39. Bg4 Ke7 40. Na7 Kf8 41. Rb5
Nd3 42. Nb3 Ne5 43. Na5 exf3 44. gxf3 Nxg4 45. fxg4 Bd3 46. Rb3 Bc4 47. Rb1 g5
48. N7c6 Nd7 49. Nd4 Bd3 50. Rb7 Ne5 51. Rb8+ Kg7 0-1

[Event "World Rapid 2017"]
[Site "Riyadh KSA"]
[Date "2017.12.26"]
[Round "2.49"]
[White "Potkin, Vladimir"]
[Black "Minko, Vladimir"]
[Result "1-0"]
[WhiteTitle "GM"]
[BlackTitle "IM"]
[WhiteElo "2574"]
[BlackElo "2381"]
[WhiteFideId "4131061"]
[BlackFideId "24146706"]
[EventDate "2017.12.26"]

1. c4 c5 2. Nf3 Nc6 3. Nc3 e5 4. e3 Nf6 5. d4 e4 6. Ne5 g6 7. Rb1 Bg7 8. Nxc6
dxc6 9. dxc5 Qxd1+ 10. Kxd1 O-O 11. h3 Re8 12. Kc2 Nd7 13. b4 Ne5 14. Bb2 Be6
15. Nxe4 Bf5 16. f3 Bxe4+ 17. fxe4 Nd7 18. Bd3 a5 19. a3 axb4 20. Bxg7 Kxg7 21.
axb4 Ra2+ 22. Rb2 Rea8 23. Rd1 Ne5 24. Bf1 Kf6 25. Rxa2 Rxa2+ 26. Kb3 Rf2 27. b5
Ke7 28. Kb4 Rb2+ 29. Kc3 Rf2 30. Ra1 Nd7 31. Kd4 Rd2+ 32. Kc3 Rf2 33. Kd4 Rd2+
34. Bd3 Ke6 35. Ra8 f6 36. Kc3 Rxg2 37. Re8+ Kf7 38. Rc8 Nxc5 39. bxc6 bxc6 40.
Rc7+ Ke8 41. Rxc6 Nd7 42. c5 Ra2 43. Bb5 Ra5 44. Kb4 Ra7 45. Rxf6 Ke7 46. Rd6
Ne5 47. Rd5 Ke6 48. c6 Ra1 49. Kc5 Rb1 50. c7 1-0

[Event "World Rapid 2017"]
[Site "Riyadh KSA"]
[Date "2017.12.26"]
[Round "2.50"]
[White "Al-Hajiri, Bader"]
[Black "Almasi, Zoltan"]
[Result "0-1"]
[WhiteTitle "FM"]
[BlackTitle "GM"]
[WhiteElo "2165"]
[BlackElo "2682"]
[WhiteFideId "10300163"]
[BlackFideId "702293"]
[EventDate "2017.12.26"]

1. e4 c5 2. Nf3 e6 3. d4 cxd4 4. Nxd4 a6 5. Bd3 Nf6 6. O-O Qc7 7. Qe2 d6 8. Nc3
Be7 9. f4 Nbd7 10. Kh1 O-O 11. Bd2 b5 12. Rae1 b4 13. Nd1 Qb6 14. Be3 Qb7 15.
Bg1 g6 16. c4 e5 17. Nf3 exf4 18. e5 dxe5 19. Nxe5 Re8 20. Nxf7 Kxf7 21. Qe6+
Kg7 22. Bd4 Nc5 23. Bxf6+ Bxf6 24. Qxe8 Nxd3 25. Re2 Bg4 0-1

[Event "World Rapid 2017"]
[Site "Riyadh KSA"]
[Date "2017.12.26"]
[Round "2.51"]
[White "Vallejo Pons, Francisco"]
[Black "Amer, Said Salim Al Maashani"]
[Result "1-0"]
[WhiteTitle "GM"]
[BlackTitle "FM"]
[WhiteElo "2707"]
[BlackElo "2103"]
[WhiteFideId "2205530"]
[BlackFideId "22000100"]
[EventDate "2017.12.26"]

1. e4 c5 2. Nf3 Nc6 3. d4 cxd4 4. Nxd4 Nf6 5. Nc3 e5 6. Ndb5 d6 7. Bg5 a6 8. Na3
b5 9. Nd5 Be7 10. Bxf6 Bxf6 11. c3 O-O 12. Nc2 Bg5 13. h4 Bh6 14. g4 Bf4 15. Qf3
Be6 16. Nxf4 exf4 17. Qxf4 Ne5 18. Nd4 Rc8 19. a3 Rc5 20. Qg3 Qa8 21. Bg2 Bc4
22. Rd1 Qc8 23. Nf5 Qc7 24. f4 Ng6 25. Kf2 d5 26. e5 f6 27. h5 Nxf4 28. Qxf4
fxe5 29. Qg5 Qa7 30. Kg3 e4 31. Rhf1 Qc7+ 32. Rf4 Kh8 33. Qe7 Qxe7 34. Nxe7 Rxf4
35. Kxf4 Bb3 36. Rd2 a5 37. g5 g6 38. h6 b4 39. Bxe4 bxa3 40. bxa3 Rc7 41. Nxd5 1-0

[Event "World Rapid 2017"]
[Site "Riyadh KSA"]
[Date "2017.12.26"]
[Round "2.52"]
[White "Al Zamel, Khaled"]
[Black "Naiditsch, Arkadij"]
[Result "0-1"]
[BlackTitle "GM"]
[WhiteElo "1942"]
[BlackElo "2705"]
[WhiteFideId "21500967"]
[BlackFideId "4650891"]
[EventDate "2017.12.26"]

1. e4 c5 2. d3 Nc6 3. Nf3 g6 4. g3 Bg7 5. Bg2 e5 6. Nbd2 Nge7 7. O-O O-O 8. Re1
d6 9. Nf1 f5 10. c3 h6 11. h4 Be6 12. N1h2 Qd7 13. Bd2 b5 14. Qc1 Kh7 15. a4 b4
16. Be3 bxc3 17. bxc3 c4 18. exf5 Nxf5 19. d4 exd4 20. Nxd4 Ncxd4 21. Bxa8 Nb3
22. Qc2 Nxa1 23. Rxa1 Nxe3 24. Qe4 Rxa8 25. h5 Bd5 26. hxg6+ Kh8 27. Qxe3 Qh3
28. Nf3 Rf8 0-1

[Event "World Rapid 2017"]
[Site "Riyadh KSA"]
[Date "2017.12.26"]
[Round "2.53"]
[White "Al Jabri, Mohammed Ali"]
[Black "Akobian, Varuzhan"]
[Result "0-1"]
[BlackTitle "GM"]
[WhiteElo "2154"]
[BlackElo "2647"]
[WhiteFideId "7604734"]
[BlackFideId "13300580"]
[EventDate "2017.12.26"]

1. e4 d6 2. d4 Nf6 3. Nc3 c6 4. f3 Nbd7 5. Be3 Qb6 6. Rb1 e5 7. Qd2 Qc7 8. Bc4
b5 9. Bb3 a5 10. a4 b4 11. Nce2 Be7 12. dxe5 dxe5 13. Ng3 g6 14. N1e2 Ba6 15.
O-O Rd8 16. Qe1 Bc5 17. Qf2 Qb6 18. Bxc5 Qxc5 19. Rfd1 Ke7 20. Qxc5+ Nxc5 21.
Kf2 Nfd7 22. Rbc1 Nb6 23. Ke3 Ncxa4 24. Bxa4 Nxa4 25. b3 Nb2 26. Rxd8 Rxd8 27.
Kf2 Rd1 28. h4 h5 29. Ke3 Rd6 30. Kf2 Bb5 31. f4 exf4 32. Nxf4 Rd1 33. Rxd1
Nxd1+ 34. Kf3 Nc3 35. Ke3 c5 36. e5 a4 37. bxa4 Bxa4 38. Kd3 Bb5+ 39. Kd2 Bc6
40. e6 Ne4+ 41. Nxe4 Bxe4 42. exf7 Kxf7 43. g3 c4 44. Ke3 Bxc2 45. Kd4 b3 46.
Kc3 Kf6 47. Nd5+ Ke5 48. Kxc4 b2 49. Nc3 b1=Q 50. Nxb1 Bxb1 0-1

[Event "World Rapid 2017"]
[Site "Riyadh KSA"]
[Date "2017.12.26"]
[Round "2.54"]
[White "Andriasian, Zaven"]
[Black "Al Ghamdi, Ahmed M"]
[Result "1-0"]
[WhiteTitle "GM"]
[BlackTitle "CM"]
[WhiteElo "2585"]
[BlackElo "2159"]
[WhiteFideId "13302000"]
[BlackFideId "21500150"]
[EventDate "2017.12.26"]

1. e4 e5 2. Nf3 Nc6 3. Bc4 Nf6 4. d3 Be7 5. O-O d6 6. h3 O-O 7. a4 Na5 8. Ba2 c5
9. Na3 Nc6 10. c3 h6 11. Re1 Re8 12. Nc2 a6 13. Ne3 Rb8 14. Nd5 Nxd5 15. exd5
Na7 16. d4 exd4 17. cxd4 b6 18. Bf4 Bf8 19. Qd3 Rxe1+ 20. Rxe1 c4 21. Bxc4 b5
22. axb5 Nxb5 23. Bb3 Qf6 24. Bg3 Bf5 25. Qe3 Nc7 26. Rc1 Re8 27. Qd2 Nb5 28.
Kh2 Re4 29. Bc2 Re8 30. Ba4 Bd7 31. Ra1 g5 32. Bc2 Bc8 33. Kg1 Bg7 34. Qd3 Rd8
35. Rd1 Bb7 36. Bb3 Bc8 37. Bc2 Bb7 38. Qh7+ Kf8 39. Be4 Nc7 40. h4 Bxd5 41.
Bxd5 Nxd5 42. hxg5 hxg5 43. Qe4 Nf4 44. Nxg5 Ne2+ 45. Qxe2 Qxg5 46. Qxa6 Qg4 47.
Qd3 d5 48. b4 Re8 49. Qf3 Qd7 50. Bf4 Re4 51. Be3 Qd6 52. Qf5 Bh6 53. Bxh6+ Qxh6
54. Qxd5 Rh4 55. g3 Rh5 56. Qf3 Rb5 57. d5 Qd6 58. Qc3 1-0

[Event "World Rapid 2017"]
[Site "Riyadh KSA"]
[Date "2017.12.26"]
[Round "2.55"]
[White "Al Omary, Ahmed"]
[Black "Quparadze, Giga"]
[Result "0-1"]
[BlackTitle "GM"]
[WhiteElo "1875"]
[BlackElo "2506"]
[WhiteFideId "21500207"]
[BlackFideId "13602250"]
[EventDate "2017.12.26"]

1. d4 Nf6 2. Nf3 e6 3. Bf4 b6 4. e3 Bb7 5. Be2 Be7 6. c3 Nh5 7. Bg3 O-O 8. Nbd2
d6 9. Qc2 g6 10. h4 Nd7 11. Ne4 Ndf6 12. Nfg5 Nxe4 13. Nxe4 f5 14. Ng5 Nxg3 15.
Nxe6 Qc8 16. Nxf8 Nxh1 17. Nxg6 hxg6 18. h5 Qe6 19. c4 Nxf2 20. Kxf2 Bh4+ 21. g3
Bxg3+ 22. Kxg3 Qxe3+ 23. Kh2 Qf2+ 24. Kh3 Qg2+ 0-1

[Event "World Rapid 2017"]
[Site "Riyadh KSA"]
[Date "2017.12.26"]
[Round "2.56"]
[White "Zhao, Jun"]
[Black "Al Habeeb, Emad"]
[Result "1-0"]
[WhiteTitle "GM"]
[WhiteElo "2604"]
[BlackElo "1933"]
[WhiteFideId "8602522"]
[BlackFideId "21500029"]
[EventDate "2017.12.26"]

1. d4 Nf6 2. c4 d6 3. Nc3 g6 4. e4 Nbd7 5. Nf3 c5 6. dxc5 Nxc5 7. e5 Ng4 8. exd6
Qxd6 9. Qxd6 exd6 10. Nd5 Ne6 11. Ng5 Rb8 12. h3 Ne5 13. Nf6+ Ke7 14. Nd5+ Ke8
15. Ne4 Nd4 16. f4 Nec6 17. Bd3 f5 18. Nec3 Kf7 19. Be3 Bg7 20. O-O Re8 21. Bf2
Ne6 22. Rfe1 Bd4 23. Nb5 Bxf2+ 24. Kxf2 Rd8 25. Re3 a6 26. Nbc3 Nc5 27. Be2 Bd7
28. Rd1 Be8 29. Bf3 Ne6 30. g3 Ncd4 31. Bg2 Rbc8 32. Nb6 Rb8 33. Red3 Nc6 34. a3
Ke7 35. Re3 Bf7 36. Rde1 Nd4 37. Rd3 Kf6 38. Red1 Nc6 39. b4 Be8 40. Ncd5+ Kg7
41. Ne3 Bf7 42. Bf3 Ne7 43. Rxd6 Rxd6 44. Rxd6 1-0